000
00358nam a2200145 a 4500
005
20140414093848.0
008
110526s19uu xx 00 eng d
050
_a
CD 510
_b
COR 2009
100
_a
Nye, Colin
245
_a
Core Mathematics /
_c
Colin Nye.
260
_a
USA :
_b
Heinemann,
_c
2009.
650
_a
Mathematics
942
_c
AVM
999
_c
109756
_d
109756